书目信息 |
| 题名: |
煤炭安全法律法规基础知识
|
|
| 作者: | ;中国煤炭教育协会职业教育教材编审委员会 编 | |
| 分册: | ||
| 出版信息: | 北京 煤炭工业出版社 2008.01 |
|
| 页数: | 114页 | |
| 开本: | 26cm | |
| 丛书名: | ||
| 单 册: | ||
| 中图分类: | D922.62 | |
| 科图分类: | ||
| 主题词: | 行政法--煤矿 | |
| 电子资源: | ||
| ISBN: | 978-7-5020-3240-1 | |
| 000 | 01078nam0 2200241 450 | |
| 001 | 0011026607 | |
| 005 | 20100806110920.39 | |
| 010 | @a978-7-5020-3240-1@dCNY16.00 | |
| 100 | @a20100515d2008 em y0chiy0110 ea | |
| 101 | 0 | @achi |
| 102 | @aCN@b110000 | |
| 105 | @ay a 000yy | |
| 200 | 1 | @a煤炭安全法律法规基础知识@Amei tan an quan fa lu fa gui ji chu zhi shi@f中国煤炭教育协会职业教育教材编审委员会编 |
| 210 | @a北京@c煤炭工业出版社@d2008.01 | |
| 215 | @a114页@d26cm | |
| 300 | @a煤炭技工学校“十一五”规划教材 | |
| 320 | 0 | @a有书目(第114页) |
| 330 | @a本书共分11章,主要介绍了法的基本概念、煤矿安全法律法规体系框架、安全生产法、矿山安全法及实施条例、煤炭法、煤矿安全监察条例、国务院关于预防煤矿生产安全事故的特别规定、煤矿生产安全事故责任追究的规定、煤矿安全生产刑事责任、煤矿安全规程和煤矿生产安全事故案例等方面内容。 | |
| 606 | 0 | @a行政法@x煤矿 |
| 690 | @aD922.62@v4 | |
| 711 | 02 | @a中国煤炭教育协会职业教育教材编审委员会@Azhong guo mei tan jiao yu xie hui zhi ye jiao yu jiao cai bian shen wei yuan hui@4编 |
| 801 | 0 | @aCN@c20100515 |
| 905 | @dD922.62@eZ596@f5 | |
| 煤炭安全法律法规基础知识/中国煤炭教育协会职业教育教材编审委员会编.-北京:煤炭工业出版社,2008.01 |
| 114页;26cm |
| 煤炭技工学校“十一五”规划教材 |
| ISBN 978-7-5020-3240-1:CNY16.00 |
| 本书共分11章,主要介绍了法的基本概念、煤矿安全法律法规体系框架、安全生产法、矿山安全法及实施条例、煤炭法、煤矿安全监察条例、国务院关于预防煤矿生产安全事故的特别规定、煤矿生产安全事故责任追究的规定、煤矿安全生产刑事责任、煤矿安全规程和煤矿生产安全事故案例等方面内容。 |
| ● |
| 相关链接 |
|
|
|
正题名:煤炭安全法律法规基础知识
索取号:D922.62/Z596
 
预约/预借
| 序号 | 登录号 | 条形码 | 馆藏地/架位号 | 状态 | 备注 |
| 1 | 996875 | 209968757 | 社科库509/422社科库 39排2列4层/ [索取号:D922.62/Z596] | 在馆 | |
| 2 | 996876 | 209968766 | 社科库509/422社科库 39排2列4层/ [索取号:D922.62/Z596] | 在馆 | |
| 3 | 996877 | 209968775 | 社科库509/422社科库 39排2列4层/ [索取号:D922.62/Z596] | 在馆 | |
| 4 | 996878 | 209968784 | 社科库509/422社科库 39排2列4层/ [索取号:D922.62/Z596] | 在馆 | |
| 5 | 996879 | 209968793 | 社科库509/422社科库 39排2列4层/ [索取号:D922.62/Z596] | 在馆 |